[Príručka Európskej únie]

Recenzia na publikáciu Príručka Európskej únie. Kniha podrobne rozpracúva dejiny a vývoj európskej integrácie, rámec a fungovanie Európskej únie, spoločné politiky a aktivity spoločenstiev a fungovanie medzivládnych pilierov Európskej únie

Salvato in:
Dettagli Bibliografici
Autore principale: Mattoš, Boris, 1977-
Natura: Capitolo di libro
Lingua:slovacco
Soggetti:
Tags: Aggiungi Tag
Nessun Tag, puoi essere il primo ad aggiungerne!!

MARC

LEADER 00000naa$a2200000$$$4500
001 0044486
005 20240502071523.9
041 0 |a slo 
044 |a SK 
245 1 0 |a [Príručka Európskej únie]  |c Boris Mattoš 
520 |a Recenzia na publikáciu Príručka Európskej únie. Kniha podrobne rozpracúva dejiny a vývoj európskej integrácie, rámec a fungovanie Európskej únie, spoločné politiky a aktivity spoločenstiev a fungovanie medzivládnych pilierov Európskej únie 
610 2 0 |a Európska únia 
610 2 0 |a integrácia ekonomická medzinárodná 
610 2 0 |a história 
610 2 0 |a spolupráca hospodárska medzinárodná 
610 2 0 |a politika medzinárodná 
610 2 0 |a recenzie 
100 1 |a Mattoš, Boris, 1977-